Birds of western Maharashtra (Record no. 6702)
[ view plain ]
| 000 -LEADER | |
|---|---|
| fixed length control field | 00776 a2200193 4500 |
| 005 - DATE AND TIME OF LATEST TRANSACTION | |
| control field | 20080905113043.0 |
| 008 - FIXED-LENGTH DATA ELEMENTS--GENERAL INFORMATION | |
| fixed length control field | 080905t xxu||||| |||| 00| 0 eng d |
| 010 ## - LIBRARY OF CONGRESS CONTROL NUMBER | |
| LC control number | ENG-87558 |
| 020 ## - INTERNATIONAL STANDARD BOOK NUMBER | |
| International Standard Book Number | 8185569738 |
| Terms of availability | 350.00 |
| 035 ## - SYSTEM CONTROL NUMBER | |
| System control number | EN-71091 |
| 037 ## - SOURCE OF ACQUISITION | |
| Source of stock number/acquisition | DBAD / PUB |
| 082 ## - DEWEY DECIMAL CLASSIFICATION NUMBER | |
| Classification number | 598.095441 |
| 245 ## - TITLE STATEMENT | |
| Title | Birds of western Maharashtra |
| Statement of responsibility, etc | compiled by Anand Prasad |
| Remainder of title | a reference guide |
| 260 ## - PUBLICATION, DISTRIBUTION, ETC. (IMPRINT) | |
| Place of publication, distribution, etc | Mapusa |
| Name of publisher, distributor, etc | Other India Press |
| Date of publication, distribution, etc | c2006 |
| 270 ## - ADDRESS | |
| Address | G-8, St Britto's Apartments, Feira Alta, |
| City | Mapusa |
| Postal code | 403 507 |
| 300 ## - PHYSICAL DESCRIPTION | |
| Extent | 315 p. |
| Dimensions | 21 cm ( pbk.) |
| 942 ## - ADDED ENTRY ELEMENTS (KOHA) | |
| Institution code [OBSOLETE] | dpl |
| Koha item type | English Books |
| Call number prefix | 598.095441/BIR |
| Source of classification or shelving scheme | Dewey Decimal Classification |
| Classification part | 598.095441 |
| Call number suffix | BIR |
| Withdrawn status | Lost status | Damaged status | Not for loan | Collection code | Home library | Current library | Date acquired | Cost, normal purchase price | Total Checkouts | Full call number | Barcode | Date last seen | Copy number | Uniform Resource Identifier | Cost, replacement price | Price effective from | Koha item type |
|---|---|---|---|---|---|---|---|---|---|---|---|---|---|---|---|---|---|
| Not For Loan | Non-fiction | D.B.Act.Division | D.B.Act.Division | 05/09/2008 | 350.00 | 598.095441 BIR | EN-71091 | 15/09/2008 | 1 | 7203 | 350.00 | 15/09/2008 | English Books |
